000 00526nam a2200217Ia 4500
003 0100
008 130303s9999 xx 000 0 und d
040 _cARRUPELIB
050 _aHM33.B4x1968
100 _aBenn, S.I
245 4 _aThe principles of political thought
245 _bsocial foundations of the state democratic state
250 _a1st.
260 _aNew York
260 _bFree Press
260 _C1965
300 _a478p. 21cm
650 _bThomas Aquinas, St
700 _aPeters , R.S
942 0 0 _01
999 _c40183
_d40183